| 000 | 01096nji a22002657a 4500 | ||
|---|---|---|---|
| 005 | 20100910142137.0 | ||
| 006 | a|||||r|||||00| 0 | ||
| 007 | sd ammalaaahaa | ||
| 008 | 100830t xxu||||| |||| 00| 0 eng d | ||
| 028 |
_aN 55672 _bHis Master's Voice |
||
| 035 | _aGR-01827 | ||
| 040 |
_aSED _cSED |
||
| 100 |
_917455 _aBhosle, Asha |
||
| 245 |
_aAankhen / _cby Asha Bhosle [and] Manna Dey; music by Ravi ; lyrics by Sahir Ludhianvi _h[sound recording] : |
||
| 246 | _aआँखें | ||
| 260 |
_aDum Dum, India _bHis Master's Voice |
||
| 300 |
_a1 sound disc [Gramophone Recording]: _banalog, 33 1/3 rpm _c9.5 in. (MP) _fGramophone Record |
||
| 500 | _aBrief Record | ||
| 505 | _aSide-1 तुझको राखे राम (Tujhko raakhe ram) (Asha Bhosle and Manna Dey) --Side-२ गेरो पे करम (Gero pe karam) (Lata Mangeshkar) | ||
| 650 |
_aMotion Picture music _zIndia _91186 _xExcerpts |
||
| 700 |
_917416 _aRavi |
||
| 700 |
_917456 _aLudhianvi, Sahir |
||
| 942 |
_2ddc _cGR |
||
| 999 |
_c45143 _d45143 |
||